Piloti di Formula 1 a podio al primo anno - Statistics

Statistiche generali
  • Questo quiz è stato fatto 56 volte
  • Il punteggio medio è 13 su 57
Statistiche sulle risposte
Anno Risposta Circuito Auto % Corretto
2007 Lewis Hamilton Melbourne McLaren-Mercedes
90%
1997 Ralf Schumacher Buenos Aires Jordan-Peugeot
82%
2023 Oscar Piastri Suzuka McLaren-Mercedes
78%
1950 Juan Manuel Fangio Montecarlo Alfa Romeo
65%
1950 Nino Farina Silverstone Alfa Romeo
65%
1950 Alberto Ascari Montecarlo Ferrari
63%
1984 Ayrton Senna Montecarlo Toleman-Hart
61%
1994 Jos Verstappen Budapest Benetton-Ford
55%
2014 Kevin Magnussen Melbourne McLaren-Mercedes
55%
2008 Nelsinho Piquet Hockenheim Renault
51%
1996 Jacques Villeneuve Melbourne Williams-Renault
49%
2017 Lance Stroll Baku Williams-Mercedes
47%
1973 James Hunt Zandvoort March-Ford
43%
2006 Robert Kubica Monza BMW Sauber-BMW
43%
2001 Juan Pablo Montoya Barcellona Williams-BMW
41%
1958 Phil Hill Monza Ferrari
41%
1970 Clay Regazzoni Zeltweg Ferrari
33%
1994 David Coulthard Estoril Williams-Renault
29%
1970 Emerson Fittipaldi Watkins Glen Lotus-Ford
29%
1965 Jackie Stewart Montecarlo BRM
29%
2007 Heikki Kovalainen Fuji Renault
27%
1960 Jim Clark Oporto Lotus-Climax
27%
1993 Michael Andretti Monza McLaren-Ford
25%
2005 Tiago Monteiro Indianapolis Jordan-Toyota
25%
1960 John Surtees Silverstone Lotus-Climax
24%
1952 Mike Hawthorn Silverstone Cooper-Bristol
22%
1950 Luigi Fagioli Silverstone Alfa Romeo
20%
1994 Olivier Panis Hockenheim Ligier-Renault
16%
1961 Giancarlo Baghetti Reims Ferrari
12%
1957 Wolfgang von Trips Monza Ferrari
12%
1997 Alex Wurz Silverstone Benetton-Renault
10%
1950 Louis Chiron Montecarlo Maserati
6%
1950 Dorino Serafini Monza Ferrari
4%
1955 Eugenio Castellotti Montecarlo Lancia
4%
1952 Jean Behra Berna Gordini
4%
1950 John Parsons Indianapolis Kurtis-Offenhauser
4%
1964 Peter Arundell Montecarlo Lotus-Climax
4%
1950 Reg Parnell Silverstone Alfa Romeo
4%
1960 Richie Ginther Monza Ferrari
4%
1956 Alfonso De Portago Silverstone Ferrari
2%
1950 Bill Holland Indianapolis Deidt-Offenhauser
2%
1955 Cesare Perdisa Montecarlo Maserati
2%
1954 Karl Kling Reims Mercedes
2%
1950 Louis Rosier Berna Talbot
2%
1957 Masten Gregory Montecarlo Maserati
2%
1950 Peter Whitehead Reims Ferrari
2%
1970 Reine Wisell Watkins Glen Lotus-Ford
2%
1960 Willy Mairesse Monza Ferrari
2%
1968 Brian Redman Jarama Cooper-BRM
0%
1958 George Amick Indianapolis Epperly-Offenhauser
0%
1973 George Follmer Barcellona Shadow-Ford
0%
1976 Gunnar Nilsson Jarama Lotus-Ford
0%
1951 Manuel Ayulo Indianapolis KK-Offenhauser
0%
1971 Mark Donohue Mosport McLaren-Ford
0%
1950 Mauri Rose Indianapolis Deidt-Offenhauser
0%
1951 Mike Nazaruk Indianapolis Kurtis-Offenhauser
0%
1956 Ronald Flockhart Monza Connaught
0%
Nessun quiz corrispondente trovato
Distribuzione punteggi
Percentuale di utenti per punteggio
Percentile per numero di risposta
I tuoi punteggi nel tempo
Non hai fatto questo quiz